000
00280nam a2200097Ia 4500
005
20250424112843.0
008
250424s9999 xx 000 0 und d
300
_a
v., 298 p. ; 25 cm.
650
_a
Economic development--Periodicals. Public administration--Periodicals.
942
_c
SR
999
_c
37512
_d
37512